000 00475nam a2200181Ia 4500
008 230524s9999 xx 000 0 und d
020 _a9788188237821
082 _a363.7
_bTIW
100 _aManoj Tiwari
_942977
245 0 _aEnvironmental Studies
250 _a1
260 _aNew Delhi
_bI.K.International
_c2012
300 _a"xvi,269p;"
500 _aQuantity Number: 1
650 _aEnvironmental
700 _aKapil Khulbe & Archana Tiwari
_942978
942 _cBK
999 _c57929
_d57929